Gaming Quiz

Random Gaming or Mario Quiz

Which Mario Game? Quiz Stats

 Plays Quiz Updated Jul 13, 2020

Support Sporcle.
Go Orange.
Score 0/16 Timer 04:00
22 Plays Today
Question Answer Wrong Answers
Super Mario Kart Super Mario Kart
97.1%
Mario Party: The Top 100
0.4%
Super Smash Bros. (3DS)
0.3%
Punch-Out!!
0.3%
Donkey Kong Donkey Kong
96.9%
Super Mario World
0.3%
Dr. Mario
0.3%
Punch-Out!!
0.5%
Dr. Mario Dr. Mario
92.6%
Donkey Kong
0.4%
Punch-Out!!
3.9%
Paper Mario: Color Splash
1.1%
Punch-Out!! Punch-Out!!
91.9%
Donkey Kong
0.5%
Super Smash Bros (3DS)
4.8%
Dr. Mario
0.8%
Super Smash Bros. (3DS) Super Smash Bros. (3DS)
90.8%
Mario Party: The Top 100
2.9%
Super Mario 64
3.2%
Super Mario Kart
1.1%
Super Mario Galaxy Super Mario Galaxy
90.3%
Super Mario Sunshine
2.9%
Super Mario Maker
0.7%
Super Mario Odyssey
4.1%
Super Mario Bros. Super Mario Bros.
88.8%
Super Mario Bros. 2
5.1%
Donkey Kong
1.2%
Super Mario Bros. 3
2.8%
Super Mario Maker Super Mario Maker
86.2%
Super Mario Bros. 2
3.9%
Super Mario Bros. 3
4.9%
Super Mario Bros.
2.9%
Paper Mario: Color Splash Paper Mario: Color Splash
86.1%
Mario Party: The Top 100
6.8%
Super Mario Galaxy
2%
Super Mario 64
3.1%
Super Mario 64 Super Mario 64
85.7%
Super Mario Sunshine
2.5%
Super Mario World
7.6%
Super Mario Odyssey
2.1%
Super Mario Sunshine Super Mario Sunshine
83.3%
Super Mario Maker
5.9%
Super Mario Odyssey
2.6%
Super Mario Galaxy
6.1%
Mario Party: The Top 100 Mario Party: The Top 100
81.4%
Super Smash Bros. (3DS)
6.7%
Dr. Mario
2.2%
Paper Mario: Color Splash
7.6%
Super Mario Bros. 3 Super Mario Bros. 3
80.3%
Super Mario Bros. 2
8.1%
Super Mario Bros.
4.6%
Super Mario Maker
4.9%
Super Mario Odyssey Super Mario Odyssey
78.6%
Super Mario Sunshine
6.3%
Super Mario Galaxy
10.2%
Paper Mario: Color Splash
2.9%
Super Mario World Super Mario World
77.3%
Super Mario Kart
1%
Super Mario 64
14.1%
Super Mario Odyssey
5.6%
Super Mario Bros. 2 Super Mario Bros. 2
74%
Super Mario Bros. 3
8.9%
Super Mario World
7.1%
Super Mario Bros.
7.9%

You're not logged in!

Compare scores with friends on all Sporcle quizzes.
OR
Log In
Forgot?

From the Vault

Chess Pieces by Definition

by t_rev19

This is the real metagame all those grandmasters are playing behind the scenes.
Remove Ads.
Support Sporcle.
Get the best of Sporcle when you Go Orange. This ad-free experience offers more features, more stats, and more fun while also helping to support Sporcle. Thank you for becoming a member.

Show Comments

Extras

Top Quizzes Today


Score Distribution

Your Account Isn't Verified!

In order to create a playlist on Sporcle, you need to verify the email address you used during registration. Go to your Sporcle Settings to finish the process.

Report this User

Report this user for behavior that violates our Community Guidelines.

Details: